UBT Library

Gjuha e Dhunës dhe Zëri i Arsyes (Record no. 60844)

000 -LEADER
fixed length control field 00307nam a22001337a 4500
008 - FIXED-LENGTH DATA ELEMENTS--GENERAL INFORMATION
fixed length control field 260223b ||||| |||| 00| 0 eng d
020 ## - INTERNATIONAL STANDARD BOOK NUMBER
International Standard Book Number 995105000
041 ## - LANGUAGE CODE
Language code of text/sound track or separate title Shqip
080 ## - UNIVERSAL DECIMAL CLASSIFICATION NUMBER
Universal Decimal Classification number 2.1
100 ## - Rafti
Rafti 20.1
101 ## - Shkurtesa
Shkurtesa vepra
245 ## - TITLE STATEMENT
Title Gjuha e Dhunës dhe Zëri i Arsyes
Statement of responsibility, etc Fehmi Agani
942 ## - ADDED ENTRY ELEMENTS (KOHA)
Source of classification or shelving scheme
Item type Books
Holdings
Withdrawn status Lost status Source of classification or shelving scheme Damaged status Not for loan Collection code Permanent location Current location Date acquired Total Checkouts Barcode Date last seen Price effective from Koha item type
          Koleksioni i përgjithshem UBT - Lipjan UBT - Lipjan 02/23/2026   002-800070999577 02/23/2026 02/23/2026 Books
          Koleksioni i përgjithshem UBT - Lipjan UBT - Lipjan 02/23/2026   002-800070999582 02/23/2026 02/23/2026 Books
          Koleksioni i përgjithshem UBT - Lipjan UBT - Lipjan 02/23/2026   002-800070999583 02/23/2026 02/23/2026 Books
          Koleksioni i përgjithshem UBT - Lipjan UBT - Lipjan 02/23/2026   002-800070999584 02/23/2026 02/23/2026 Books
          Koleksioni i përgjithshem UBT - Lipjan UBT - Lipjan 02/23/2026   002-800070999607 02/23/2026 02/23/2026 Books
          Koleksioni i përgjithshem UBT - Lipjan UBT - Lipjan 02/23/2026   002-800070999610 02/23/2026 02/23/2026 Books
          Koleksioni i përgjithshem UBT - Lipjan UBT - Lipjan 02/24/2026   002-800070999624 02/24/2026 02/24/2026 Books
          Koleksioni i përgjithshem UBT - Lipjan UBT - Lipjan 02/24/2026   002-800070999625 02/24/2026 02/24/2026 Books
          Koleksioni i përgjithshem UBT - Lipjan UBT - Lipjan 02/24/2026   002-800070999626 02/24/2026 02/24/2026 Books
          Koleksioni i përgjithshem UBT - Lipjan UBT - Lipjan 02/24/2026   002-800070999627 02/24/2026 02/24/2026 Books
          Koleksioni i përgjithshem UBT - Lipjan UBT - Lipjan 03/06/2026   003-80007099931 03/06/2026 03/06/2026 Books
          Koleksioni i përgjithshem UBT - Lipjan UBT - Lipjan 03/09/2026   003-80007099937 03/09/2026 03/09/2026 Books
          Koleksioni i përgjithshem UBT - Lipjan UBT - Lipjan 03/09/2026   003-80007099938 03/09/2026 03/09/2026 Books
          Koleksioni i përgjithshem UBT - Lipjan UBT - Lipjan 03/11/2026   003-800070999137 03/11/2026 03/11/2026 Books
          Koleksioni i përgjithshem UBT - Lipjan UBT - Lipjan 03/11/2026   003-800070999138 03/11/2026 03/11/2026 Books
          Koleksioni i përgjithshem UBT - Lipjan UBT - Lipjan 03/11/2026   003-800070999139 03/11/2026 03/11/2026 Books
          Koleksioni i përgjithshem UBT - Lipjan UBT - Lipjan 03/11/2026   003-800070999140 03/11/2026 03/11/2026 Books
          Koleksioni i përgjithshem UBT - Lipjan UBT - Lipjan 04/23/2026   003-800070999265 04/23/2026 04/23/2026 Books
          Koleksioni i përgjithshem UBT - Lipjan UBT - Lipjan 04/23/2026   003-800070999266 04/23/2026 04/23/2026 Books
          Koleksioni i përgjithshem UBT - Lipjan UBT - Lipjan 04/23/2026   003-800070999267 04/23/2026 04/23/2026 Books
          Koleksioni i përgjithshem UBT - Lipjan UBT - Lipjan 04/23/2026   003-800070999268 04/23/2026 04/23/2026 Books
          Koleksioni i përgjithshem UBT - Lipjan UBT - Lipjan 04/23/2026   003-800070999269 04/23/2026 04/23/2026 Books
          Koleksioni i përgjithshem UBT - Lipjan UBT - Lipjan 04/23/2026   003-800070999270 04/23/2026 04/23/2026 Books
UBT Library © 2015-2024. All rights reserved University Education for Business and Technology